LEADER 01004nam a22002291i 4500 001 991000071519707536 005 20030107225527.0 008 020909s1919 it a||||||||||||||||ita 035 $ab11955107-39ule_inst 035 $aARCHE-004491$9ExL 040 $aDip.to Filologia Ling. e Lett.$bita$cA.t.i. Arché s.c.r.l. Pandora Sicilia s.r.l. 100 1 $aBottiglioni, Gino$0164761 245 10$aSaggio di fonetica sarda :$bgli esiti di L (R, S) + cons. e di J nei dialettidi Sassari e della Gallura di Nuoro e del Logudoro /$cGino Bottiglioni 260 $aPerugia :$bUnione Tipografica Cooperativa,$c1919 300 $a114 p., [4] c. di tav. :$bill. ;$c24 cm 500 $aEstratto 907 $a.b11955107$b02-04-14$c01-04-03 912 $a991000071519707536 945 $aLE008 Ist. Glott. III C 21$g1$i2008000479374$lle008$o-$pE0.00$q-$rn$so $t0$u0$v0$w0$x0$y.i12231605$z01-04-03 996 $aSaggio di fonetica sarda$9916328 997 $aUNISALENTO 998 $ale008$b01-04-03$cm$da $e-$fita$git $h0$i1 LEADER 01475nam 2200373Ka 450 001 9910696566503321 005 20080421093209.0 035 $a(CKB)5470000002379185 035 $a(OCoLC)225862433 035 $a(EXLCZ)995470000002379185 100 $a20080421d2002 ua 0 101 0 $aeng 181 $ctxt$2rdacontent 182 $cc$2rdamedia 183 $acr$2rdacarrier 200 14$aThe distribution of decision rights within the workplace$b[electronic resource] $eevidence from Canadian, Australian and UK establishments /$fCindy Zoghi 210 1$a[Washington, D.C.] :$cU.S. Dept. of Labor, Bureau of Labor Statistics, Office of Productivity and Technology,$d[2002] 215 $a39 pages $cdigital, PDF file 225 1 $aWorking paper ;$v363 300 $aTitle from title screen (viewed on Apr. 18, 2008). 300 $a"December 2002." 517 $aDistribution of decision rights within the workplace 606 $aDecision making$xEconometric models 606 $aOrganizational behavior$xEconomic aspects 615 0$aDecision making$xEconometric models. 615 0$aOrganizational behavior$xEconomic aspects. 700 $aZoghi$b Cindy$01382837 712 02$aUnited States.$bBureau of Labor Statistics.$bOffice of Productivity and Technology. 801 0$bGPO 801 1$bGPO 906 $aBOOK 912 $a9910696566503321 996 $aThe distribution of decision rights within the workplace$93461736 997 $aUNINA